1498 1294 1551 1463 1958 1263 1770 1117 1672 1678 1828 1058 1845 1443 1350 1642 1957 1488 1665 1877 1581 1524 1092 1379 1438 1817 1659 1504 1451 1980 1848 1650 1557 1312 1087 1846 1327 1019 1011 1185 1456 1714 1878 1618 1164 1130 1219 1817 1917 1998 1317 1673 1212 1065 1091 1673 1252 1663 1604 1459 1879 1781 1368 1874 1727 1288 1715 1689 1654 1151 1004 1293 1211 1388 1237 1584 1436 1214 1963 1088 1960 1734 1339 1602 1177 1739 1578 1440 1989 1605 1675 1342 1553 1915 1645 1205 1381 1279 1361 BCNSPRNW ULIB Ver.6.0+V

เปลี่ยนเป็นภาษาไทย

Change to English
 แสดงรายละเอียดบรรณานุกรม
  กลับหน้าหลัก

Brief Record : Get Marc (ISO 2709) : E-mail record : QR code < ปิดหน้าต่าง
LEADER : 00000nam 2200000uu 4500
001    13399111579
003     ULIB
008    110701s||||||||th 000 0 tha d
020    9748855813
050 04 BQ4570^bว357ค 2554
100 0  วศิน อินทสระ
245 10 ความทุกข์และการดับทุกข์ /^cวศิน อินทสระ
260    กรุงเทพฯ :^bเรือนธรรม,^c2544
300    167 หน้า ;^c21 ซม
650  7 ความทุกข์
650  7 พุทธศาสนากับชีวิตประจำวัน
945    ^p0^l0^i020396
945    ^p0^l0^i020397
995    ทศพร
999 ^a ใช้งานได้ทุกระบบ
รายการนี้ยังไม่มีแท็ก
คุณยังไม่ได้ล็อกอิน คุณสามารถมีกิจกรรมร่วมกับเว็บไซต์ได้ แต่ต้องล็อกอินก่อน ::
  ล็อกอิน

รายการสื่อสารสนเทศ

ลำดับที่ ประเภท เลขเรียก/บาร์โค้ด สถานที่ สถานะ
- ไม่พบข้อมูล -

รายการใกล้เคียง
    ผู้แต่ง [วศิน อินทสระ]

    หัวเรื่อง [ความทุกข์]
    หัวเรื่อง [พุทธศาสนากับชีวิตประจำวัน]

BibComment


ยังไม่เคยถูกคอมเมนท์

คอมเมนท์ทรัพยากรรายการนี้
  คอมเมนท์: ความทุกข์และการดั..


 Copyright 2026. Bcnsprnw @Library